000 00359 a2200133 4500
001 86304
082 _a371.9140941 HAR
090 _c40569
_d40569
100 _aHartas Dimitra
245 _aLanguage and Communication difficulties
_bSEN SERIES
260 _alondon
_bContinuum
_c2005
300 _a117 p.
500 _aDOS/humanities and social science
942 _aNUST-CAE
_k371.9140941 HAR
999 _c321377
_d321377